Manual NSCA: fundamentos del entrenamiento personal
Պահպանված է:
| Հիմնական հեղինակներ: | , |
|---|---|
| Ձևաչափ: | Գիրք |
| Լեզու: | իսպաներեն |
| Հրապարակվել է: |
Barcelona
Paidotribo
2008
|
| Հրատարակություն: | 1a. ed |
| Խորագրեր: | |
| Ցուցիչներ: |
Ավելացրեք ցուցիչ
Չկան պիտակներ, Եղեք առաջինը, ով նշում է այս գրառումը!
|
MARC
| LEADER | 00000nam a2200000 a 4500 | ||
|---|---|---|---|
| 001 | UCG3257 | ||
| 003 | CL-VaPUC | ||
| 008 | 100819e20080000SP |||||||||||||||||spa|d | ||
| 020 | |a 9788480199421 | ||
| 082 | 0 | 4 | |a 613.711 |b EAR |2 21 |
| 100 | 0 | |a Earle, Roger W |e author |9 552232 | |
| 700 | 0 | |a Baechle, Thomas R |e author |9 552233 | |
| 245 | 1 | 0 | |a Manual NSCA: fundamentos del entrenamiento personal |
| 250 | |a 1a. ed | ||
| 300 | |a 799 p | ||
| 942 | |c BK | ||
| 945 | |d 20100819 00:00:00 |a mfarfan | ||
| 260 | |a Barcelona |b Paidotribo |c 2008 | ||
| 650 | 7 | |a FISIOLOGIA DEPORTIVA |2 CL-VaPUC |9 485014 | |
| 650 | 7 | |a FITNESS |2 CL-VaPUC |9 469781 | |
| 650 | 7 | |a FLEXIBILIDAD |2 CL-VaPUC |9 552234 | |
| 650 | 7 | |a ENTRENAMIENTO FISICO |2 CL-VaPUC |9 307393 | |
| 650 | 0 | |a Nutrición deportiva |9 430508 | |
| 583 | |a last modification |c 20100819 00:00:00 |k Rodrigo Vera | ||
| 999 | |c 342328 |d 342326 | ||
| 952 | |0 0 |1 0 |4 0 |6 613_711000000000000_EAR_2008 |7 0 |8 C |9 438487 |a BIBCUR |b BIBCUR |d 2019-11-22 |i 4708091 |o 613.711 EAR 2008 |p 4708091 |r 2025-04-22 |w 2019-11-22 |y BK |k DEN | ||